000 00757nam a2200241 i 4500
001 115067
003 ES-MaACL
005 20250707062602.0
007 t|
008 070221s1911 sp ||||1| spa d
080 _a821.134.2-32"19"
100 1 _aHoyos y Vinent, Antonio de,
_dca. 1885-1940
_964441
245 1 0 _aSan Sebastián Citerea /
_cpor Antonio de Hoyos y Vinent ; ilustraciones de N. Montero.
260 _aMadrid :
_bEl Cuento Semanal,
_c1911.
300 _a20 p. :
_bil. ;
_c26 cm.
490 1 _aEl cuento semanal ;
_v244
500 _aOriginal y fotocopia.
500 _aPáginas deterioradas.
700 1 _aMontero, N.
_982495
830 0 3 _aEl cuento semanal
_v244
_9185957
852 _aES-MaACL
_jG-4448(8)
999 _c115067
_d115067